Top 4 da Libertadores - Statistics

Estatísticas Gerais
  • Esse quiz foi jogado 1 039 vezes
  • A pontuação média é 44 de 61
Estatísticas das Respostas
Ano % Correto
Palmeiras
100%
Atlético Mineiro
99%
Boca Juniors
99%
Flamengo
99%
River Plate
98%
Santos
98%
São Paulo
98%
Corinthians
97%
Fluminense
97%
Grêmio
97%
Internacional
97%
Athletico Paranaense
96%
Independiente
95%
Peñarol
95%
Vasco da Gama
95%
Cruzeiro
94%
Nacional
94%
Nacional-PAR
94%
Atlético Nacional
93%
LDU Quito
93%
Botafogo
91%
Olimpia
91%
Estudiantes
90%
San Lorenzo
90%
Racing
88%
Colo-Colo
85%
Vélez Sarsfield
85%
Lanús
84%
Barcelona SC
81%
Once Caldas
81%
São Caetano
80%
América de Cali
77%
América MX
77%
Argentinos Juniors
72%
Tigres UANL
72%
Independiente del Valle
71%
Universidad Católica
70%
Bolívar
67%
Guadalajara
62%
Cerro Porteño
61%
Newell's Old Boys
59%
Cobreloa
58%
Deportivo Cali
54%
Libertad
54%
Universidad de Chile
53%
Guarani
52%
Guaraní-PAR
52%
Sporting Cristal
52%
Universitario
48%
Defensor Sporting
46%
Cruz Azul
44%
Emelec
44%
Rosario Central
44%
Santa Fe
38%
Millonarios
33%
Junior de Barranquilla
31%
Unión Española
31%
Danubio
28%
El Nacional
25%
Independiente Medellín
25%
Cúcuta Deportivo
23%
Nenhum quiz correspondente encontrado
Distribuição das Pontuações
Porcentagem de Pessoas com Cada Pontuação
Percentil de Números Respondidos
Sua Pontuação Histórica
Você não jogou esse quiz